[Event "Wch U16 Girls"]
[Site "Vung Tau"]
[Date "2008.10.23"]
[Round "5"]
[White "Vo Thi Kim, Phung"]
[Black "Bucar, Natasa"]
[Result "0-1"]
[WhiteElo "2052"]
[BlackElo "1882"]
[PlyCount "143"]
[EventDate "2008.10.20"]
[EventType "swiss"]
[EventRounds "11"]
[EventCountry "VIE"]
[SourceTitle "EXT 2009"]
[Source "ChessBase"]
[SourceDate "2008.11.26"]
[SourceVersion "1"]
[SourceVersionDate "2008.11.26"]
[SourceQuality "1"]

1. d4 d5 2. Nf3 Nf6 3. e3 c6 4. Bd3 Bg4 5. c4 Nbd7 6. cxd5 cxd5 7. Nbd2 e6 8. h3 Bh5 9. Qa4 Bd6 10. Ne5 0-0 11. f4 Nb6 12. Qb3 Ne8 13. 0-0 a5 14. a4 f6 15. Nef3 Bb4 16. f5 exf5 17. Bxf5 Nd6 18. Qd3 Nxf5 19. Qxf5 Bg6 20. Qf4 Bd6 21. Qg4 Qe8 22. Re1 f5 23. Qh4 Nxa4 24. Qf2 b5 25. Rxa4 bxa4 26. Nb1 Qb8 27. Qe2 Qb3 28. Nfd2 Qc2 29. Qb5 Bf7 30. Na3 Bxa3 31. bxa3 Rfe8 32. Nf3 Reb8 33. Qd7 Rd8 34. Qe7 Re8 35. Qd7 Rad8 36. Qb5 Bh5 37. Ne5 Qc3 38. Rf1 Re6 39. Kh2 f4 40. exf4 Red6 41. Qc5 Qb3 42. Qxa5 Rc8 43. Bd2 h6 44. Rc1 Rxc1 45. Bxc1 Qc2 46. Bd2 Kh7 47. Be1 Be2 48. Kg1 Qc1 49. Qb4 Rf6 50. Qd2 Qxd2 51. Bxd2 Rb6 52. Kf2 Ba6 53. Nd7 Rb2 54. Ke1 Bf1 55. Nc5 Bxg2 56. Nxa4 Ra2 57. Bb4 Bxh3 58. Nb6 Bg2 59. a4 h5 60. Be7 Kg6 61. Kd1 Kf5 62. Kc1 Be4 63. Bg5 Kg4 64. Nd7 Rxa4 65. Ne5+ Kg3 66. Kd2 Rxd4+ 67. Ke3 Ra4 68. Nc6 h4 69. Nd4 Rxd4 70. Bxh4+ Kxh4 71. Kxd4 Kg4 72. Ke5 0-1

[Event "Wch U12 Girls"]
[Site "Belfort"]
[Date "2005.07.28"]
[Round "11"]
[White "Petrova, Olga"]
[Black "Vo Thi Kim, Phung"]
[Result "0-1"]
[WhiteElo "1599"]
[BlackElo "1599"]
[PlyCount "68"]
[EventDate "2005.07.19"]
[EventType "swiss"]
[EventRounds "11"]
[EventCountry "FRA"]
[SourceTitle "CBM 107 Extra"]
[Source "ChessBase"]
[SourceDate "2005.09.01"]
[SourceVersion "1"]
[SourceVersionDate "2005.09.01"]
[SourceQuality "1"]

1. e4 e5 2. Nc3 Nf6 3. Bc4 Be7 4. Nf3 d6 5. d4 exd4 6. Nxd4 0-0 7. 0-0 Nc6 8. Nf5 Nxe4 9. Nh6+ gxh6 10. Nxe4 Ne5 11. Be2 f5 12. Nc3 Nf7 13. Bh5 Bg5 14. f4 Bf6 15. Rf3 c6 16. b3 d5 17. Bb2 Nd6 18. Na4 Ne4 19. Bd4 b6 20. Nb2 Ba6 21. Bxf6 Qxf6 22. Nd3 Nc3 23. Rg3+ Kh8 24. Qe1 Bxd3 25. cxd3 d4 26. Qf2 Nd5 27. Rc1 Ne3 28. Rf3 Rac8 29. Rh3 c5 30. Be2 Rg8 31. Bf3 Rge8 32. Rh5 a5 33. Qb2 Re6 34. Rh3 Rg8 0-1

[Event "Wch U12 Girls"]
[Site "Belfort"]
[Date "2005.07.27"]
[Round "10"]
[White "Vo Thi Kim, Phung"]
[Black "Paikidze, Nazi"]
[Result "1/2-1/2"]
[WhiteElo "1599"]
[BlackElo "2083"]
[PlyCount "181"]
[EventDate "2005.07.19"]
[EventType "swiss"]
[EventRounds "11"]
[EventCountry "FRA"]
[SourceTitle "CBM 107 Extra"]
[Source "ChessBase"]
[SourceDate "2005.09.01"]
[SourceVersion "1"]
[SourceVersionDate "2005.09.01"]
[SourceQuality "1"]

1. d4 d5 2. c4 e6 3. Nc3 Be7 4. Nf3 Nf6 5. Bg5 h6 6. Bh4 0-0 7. cxd5 exd5 8. Qc2 c6 9. e3 Re8 10. Bd3 Nbd7 11. 0-0 Nf8 12. Bxf6 Bxf6 13. b4 Bg4 14. Nd2 Rc8 15. Rfc1 Qe7 16. Rab1 Bh4 17. Nf1 Qd6 18. h3 Bd7 19. Ne2 g6 20. Neg3 Nh7 21. Qc5 Qb8 22. Qc2 Qd6 23. Qc5 Qb8 24. Rb2 Ng5 25. Qc2 Kg7 26. Ne2 Qd6 27. Nf4 Ne6 28. Nxe6+ Bxe6 29. Qc5 Qb8 30. f4 b6 31. Qc3 Qd6 32. Rbc2 Bd7 33. Ba6 Rc7 34. Qb2 Bf6 35. Qb3 c5 36. bxc5 bxc5 37. Qa3 Re6 38. Qa5 c4 39. Bb5 Qb6 40. Qxb6 Rxb6 41. Bxd7 Rxd7 42. Kf2 Be7 43. Ng3 Ba3 44. Rd1 f5 45. Ne2 Bb2 46. Rdd2 Rdb7 47. Nc3 Bxc3 48. Rxc3 Rb2 49. Ke2 Kf6 50. Rdc2 Rb1 51. Ra3 Ke6 52. Kd2 R1b5 53. Kc3 Rb1 54. Ra6+ Kf7 55. Rd6 R1b5 56. g4 Re7 57. Kd2 Re6 58. Rd7+ Re7 59. Rd6 Kg7 60. gxf5 gxf5 61. h4 h5 62. Kc1 Rxe3 63. Rg2+ Kf7 64. Rgg6 Rc3+ 65. Kd2 Rd3+ 66. Kc2 Re3 67. Rgf6+ Ke7 68. Ra6 Re2+ 69. Kc1 Re1+ 70. Kd2 Re4 71. Rh6 Kf8 72. Rxa7 Kg8 73. Rg6+ Kh8 74. Rf6 Rxd4+ 75. Kc3 Rd3+ 76. Kc2 Rb8 77. Rxf5 d4 78. Rxh5+ Kg8 79. Rg5+ Kf8 80. Rf5+ Kg8 81. Rg5+ Kf8 82. Rc5 Rc3+ 83. Kd2 Rd3+ 84. Kc2 Rc3+ 85. Kd2 Rd3+ 86. Kc2 Rc3+ 87. Kd1 Rb1+ 88. Kd2 Rb2+ 89. Kd1 Rb1+ 90. Kd2 Rb2+ 91. Kd1 1/2-1/2

[Event "Wch U12 Girls"]
[Site "Belfort"]
[Date "2005.07.20"]
[Round "2"]
[White "Vo Thi Kim, Phung"]
[Black "Greeff, Melissa"]
[Result "1-0"]
[WhiteElo "1599"]
[BlackElo "1599"]
[PlyCount "162"]
[EventDate "2005.07.19"]
[EventType "swiss"]
[EventRounds "11"]
[EventCountry "FRA"]
[SourceTitle "CBM 107 Extra"]
[Source "ChessBase"]
[SourceDate "2005.09.01"]
[SourceVersion "1"]
[SourceVersionDate "2005.09.01"]
[SourceQuality "1"]

1. d4 d5 2. c4 c6 3. Nf3 Nf6 4. Nc3 e6 5. cxd5 exd5 6. Bf4 Be7 7. Qc2 Be6 8. e3 Nbd7 9. Rb1 Bb4 10. Bd3 Rc8 11. 0-0 h6 12. a3 Be7 13. b4 g5 14. Bg3 Nh5 15. Bf5 Ng7 16. Bxe6 Nxe6 17. Ne5 Nxe5 18. Bxe5 Bf6 19. f4 gxf4 20. exf4 Nxd4 21. Qd3 Bxe5 22. fxe5 Ne6 23. Rf6 Qb6+ 24. Kh1 Qc7 25. Rbf1 Qxe5 26. Rxf7 Rc7 27. R7f5 Qg7 28. Rf6 Re7 29. Qh3 Nd8 30. Qh5+ Nf7 31. Ne2 Qg5 32. Qh3 Nd8 33. Ng3 Rf7 34. Rxf7 Nxf7 35. Qc8+ Nd8 36. Re1+ Kf7 37. Qd7+ Kg6 38. Nf1 Qf5 39. Qd6+ Qf6 40. Qg3+ Qg5 41. Qd3+ Qf5 42. Qd4 Rf8 43. Ng3 Qf2 44. Qg4+ Kh7 45. Rg1 Qf4 46. Qe2 Qf7 47. Qd3+ Qg6 48. Qd4 b6 49. b5 Qg7 50. Qd3+ Qg6 51. Qb3 cxb5 52. Qxd5 Qe6 53. Qxb5 Qc6 54. Qb4 Re8 55. Qd4 Nf7 56. Nh5 Re5 57. Qf4 Qg6 58. Nf6+ Kg7 59. Nd7 Re4 60. Qc7 Qd6 61. Qc3+ Qd4 62. Qc8 Qd6 63. Qc3+ Qd4 64. Qg3+ Rg4 65. Qc7 Re4 66. h3 Re7 67. Qg3+ Kh8 68. Nb8 Qe5 69. Qxe5+ Rxe5 70. Nc6 Re3 71. Ra1 a6 72. Nb4 a5 73. Nd5 Re6 74. Rb1 Ng5 75. Rxb6 Re1+ 76. Kh2 Ra1 77. Rxh6+ Kg7 78. Ra6 Rxa3 79. Nb6 Ra2 80. Nc4 a4 81. Nb6 Nf3+ 1-0